000 00720nam a2200205Ii 4500
003 JO-AjNU
008 230605s9999||||xx |||||||||||||| ||und||
040 _aJO-AjNU
_bara
_erda
_cJO-AjNU
041 _aara
050 1 4 _aD761.G2512 1967
100 3 _aديغول؛ ترجمة شرارة، عبد اللطيف؛ مراجعة عويدات، احمد,
_eauthor
_937434
245 0 0 _aمذكرات الحرب 1940- 1942
250 _aط1
264 3 1 _aبيروت: منشورات عويدات، 1967
300 _a486ص
336 _atext
_btxt
_2rdacontent
337 _aunmediated
_bn
_2rdamedia
338 _avolume
_bnc
_2rdacarrier
650 4 _aالحرب- تاريخ- نساء - العلوم السياسية
_937435
999 _aA15640
_c19208
_d19208